| 000 | 00468nam a2200169Ia 4500 | ||
|---|---|---|---|
| 008 | 180921t2017 xxu||||| |||| 00| 0 sin d | ||
| 041 | _asin | ||
| 080 |
_a809.14 _bATU |
||
| 100 | _aAthukorala, Daya Rohana | ||
| 245 | _aලොව පතල රුවන් වැකි | ||
| 246 | _aLowa Pathala Ruwan Waki | ||
| 260 |
_bShiksha Mandira Prakashana _aPanadura _c2017 |
||
| 300 | _b186p, 22cm | ||
| 942 | _cBK | ||
| 999 |
_c664 _d664 |
||
| 003 | LK-CoDNM | ||
| 040 |
_aLK-CoDNM _dLK-CoDNM _eLK-CoDNM |
||